Które litery są także cyframi rzymskimi? - Statystyki

Ogólne statystyki
  • Ten quiz został rozwiązany 76 razy
  • Średni wynik to 6 z 6
Statystyki odpowiedzi
Odpowiedź % Poprawnych
X
100%
M
99%
I
97%
V
97%
C
96%
D
92%
Nie znaleziono quizów pasujących do podanych kryteriów
Rozkład punktacji
Procent ludzi z każdym wynikiem
Percentyl według liczby udzielonych odpowiedzi
Twoja historia wyników
Nie rozwiązałeś tego quizu